000 00948cam a2200289 a 4500
003 CHAP
005 20220329142920.0
008 050217d2001 mx r 10100 spa d
010 _a89606
011 _a90578
035 _a101134
040 _cCHAP
090 _aFolleto 16946
111 0 0 _aCurso Taller Básico Microbiología del Suelo
_d(2001 :
_cSaltillo, Coah.)
_930689
245 1 0 _aMemorias
_c/por Universidad Autónoma Agraria Antonio Narro,
260 _aSaltillo, Coah. :
_bUniversidad Autónoma Agraria Antonio Narro,
_c2001.
300 _a42 p.
590 _aBATCH-UPD
_b10
_c20130110
_lUCH01
_h2022
590 _aBATCH-UPD
_b10
_c20130410
_lUCH01
_h1340
590 _aBATCH-UPD
_b10
_c20130914
_lUCH01
_h2039
590 _aCONVERSION
_b10
_c20130109
_lUCH01
_h1350
650 1 4 _aSuelos
_xMicrobiología.
_9110434
901 _aBK
905 _aLilia
942 _cFOLL
949 _aFolleto 16946
_bBC
_cFOLL
_d33724000996351
_eTS1
_i101134
_sb
999 _c89606
_d89606